000 00332nam a22001337a 4500
008 170929b xxu||||| |||| 00| 0 eng d
020 _a9780810391468
041 _aeng
080 _a37
100 _a47
101 _aEDU
245 _aWHAT DO READ NEXT A READERS GUIDE TO GENRE FICTION
_cBARRON.N
942 _2udc
_cBK
999 _c30689
_d30689